サッカー日本代表選手 - Statistics

General Stats
  • This quiz has been taken 427 times
  • The average score is 15 of 26
Answer Stats
背番号 選手 % Correct
7 三笘薫
88%
10 堂安律
86%
20 久保建英
82%
14 伊東純也
73%
15 伊藤敦樹
73%
6 遠藤航
72%
21 伊藤洋輝
72%
9 上田綺世
68%
16 冨安健洋
68%
17 田中碧
68%
25 前田大然
68%
4 板倉滉
66%
5 守田英正
62%
1 中村航輔
57%
12 大迫敬介
57%
8 鎌田大地
56%
13 中村敬斗
55%
18 浅野拓磨
53%
3 谷口彰悟
48%
11 古橋享悟
44%
2 菅原由勢
40%
22 町田浩樹
36%
23 シュミット・ダニエル
36%
26 毎熊晟矢
29%
19 橋岡大樹
22%
24 森下龍矢
11%
No matching quizzes found
Score Distribution
Percent of People with Each Score
Percentile by Number Answered
Your Score History
You have not taken this quiz